| 000 | 00588cam a22002051 4500 | ||
|---|---|---|---|
| 001 | med47000247 | ||
| 003 | DLC | ||
| 005 | 20260227111558.0 | ||
| 008 | 810725s1946 xx ac 000 0 nor | ||
| 010 | _amed47000247 | ||
| 035 | _a(OCoLC)14728438 | ||
| 040 |
_aDLC _cDNLM _dDLC |
||
| 042 | _apremarc | ||
| 050 | 0 | 0 |
_aRS165.P38 _bT5 |
| 060 | 0 |
_aQV 354 _bT448p 1946 |
|
| 100 | 1 |
_aThjøtta, Th. _q(Theodor), _d1885- |
|
| 245 | 1 | 0 |
_aPenicillin og andre antibiotika; _bhistorie, fremstilling og anvendelse i medisinen ... |
| 260 |
_a[Oslo] _bDreyer _c[c1946] |
||
| 300 |
_a118 p. _bill., ports. |
||
| 999 |
_c38010 _d38010 |
||